| 000 | 03408nam a2200409 c 4500 | ||
|---|---|---|---|
| 003 | BLK | ||
| 005 | 20241207094934.0 | ||
| 008 | 180408b bul|||||r ||||||| ||bul|| | ||
| 010 | _aKNG00084384000 | ||
| 020 |
_a978-954-327-046-5 _bиздат.: Класика и Стил |
||
| 040 | _aBLK | ||
| 041 |
_aBUL _cBUL |
||
| 080 |
_aОбществено управление. Публична администрация _b351/354 _x.001 _z351/354.001 |
||
| 080 |
_aМетоди на управление. Мениджмънт. Анализи, планиране, ръководство, сътрудничество, контрол, коопериране и др. _b005.5 _x _z005.5 |
||
| 080 |
_aОбразователна политика. Образование и общественост _b37.014 _x(497.2) _z37.014(497.2) |
||
| 100 | 1 |
_aАрабаджийски, Николай Запринов _eпърви автор _9366279 |
|
| 139 |
_aАрабаджийски, Николай Запринов _bА 80 |
||
| 245 | 1 | 0 |
_aПублично управление _bНова образователна парадигма на теорията на публичното управление в Република България _cНиколай Запринов Арабаджийски. |
| 257 | _aBGR | ||
| 260 |
_аСофия _bКласика и Стил _c2008 _fВ. Търново : Абагар |
||
| 300 |
_a181 с. _bс табл., диагр. _c22 см |
||
| 380 | _a3 | ||
| 500 | _aОфс. изд. - Съдържа и Специалности на Бакалавърски програми от професионално направление Администрация и управление във висшите училища на Република България през 2008 г. ; Специалности на Магистърски програми от професионално направление Администрация и управление във висшите училища на Република България през 2008 г. ; Въведени нови учебни дисциплини, предоставящи знания и умения от областта на управлението в специалности, подготвящи специалисти за нуждите на публичната администрация в Бакалавърските и Магистърските програми от професионално направление Администрация и управление във висшите училища на Република България. - Библиогр. с. 157-166. | ||
| 650 | 4 |
_aАдминистрация - управление и организация _9259918 |
|
| 650 | 4 |
_aУправление и организация - теория _9269078 |
|
| 650 | 4 |
_aОбразование и просвета - България _9262383 |
|
| 651 | 4 |
_aБългария _9241624 |
|
| 653 | _aпублична администрация | ||
| 653 | _aпубличен мениджмънт | ||
| 653 | _aпублично управление | ||
| 852 | _aЦб 240463 | ||
| 856 | 4 |
_qpdf _u |
|
| 856 | 4 |
_qpdf _u |
|
| 942 |
_cKNG _n0 _02 |
||
| 944 |
_aCR _c13.06.2008 _lНора Радева _k30545 |
||
| 944 |
_aED _c19.04.2017 _lф / _kВиолета_Тройчева |
||
| 999 |
_c79902 _d79902 |
||